New England 100 Highest - Statistics

General Stats
  • This quiz has been taken 9 times
  • The average score is 35 of 100
Answer Stats
Elevation State Answer % Correct
6,288 ft1,917 m New Hampshire Mount Washington
100%
5,712 ft1,741 m New Hampshire Mount Jefferson
88%
5,089 ft1,551 m New Hampshire Mount Lincoln
88%
5,367 ft1,636 m New Hampshire Mount Madison
88%
5,384 ft1,641 m New Hampshire Mount Monroe
88%
5,774 ft1,760 m New Hampshire Mount Adams
75%
4,340 ft 1,323 m New Hampshire Mount Field
75%
5,268 ft1,606 m Maine Mount Katahdin(Baxter Peak)
75%
4,756 ft1,450 m Maine Mount Katahdin(Hamlin Peak)
75%
5,249 ft1,600 m New Hampshire Mount Lafayette
75%
4,235 ft1,291 m Vermont Killington Peak
63%
4,052 ft 1,235 m New Hampshire Mount Jackson
63%
4,393 ft 1,339 m Vermont Mount Mansfield
63%
4,100 ft1,250 m New Hampshire Cannon Mountain
50%
4,156 ft1,267 m New Hampshire East Osceola
50%
4,170 ft1,270 m New Hampshire Mount Cabot
50%
4,328 ft1,319 m New Hampshire Mount Flume
50%
4,459 ft1,359 m New Hampshire Mount Liberty
50%
4,802 ft1,464 m New Hampshire Mount Moosilauke
50%
4,340 ft 1,323 m New Hampshire Mount Osceola
50%
3,997 ft1,218 m New Hampshire Mount Tecumseh
50%
4,051 ft1,235 m New Hampshire Mount Tom
50%
4,285 ft1,306 m New Hampshire Mount Willey
50%
4,422 ft1,348 m New Hampshire Wildcat Mountain("A" Peak)
50%
4,050 ft 1,235 m New Hampshire Wildcat Mountain("D" Peak)
50%
3,786 ft1,154 m Vermont Big Jay
38%
4,083 ft 1,244 m Vermont Camel's Hump
38%
3,858 ft1,176 m Vermont Jay Peak
38%
4,293 ft1,309 m New Hampshire Kinsman Mountain(North Peak)
38%
4,358 ft1,328 m New Hampshire Kinsman Mountain(South Peak)
38%
4,050 ft1,235 m Maine Mount Abraham
38%
4,006 ft1,221 m Vermont Mount Abraham
38%
4,700 ft1,435 m New Hampshire Mount Carrigain
38%
4,780 ft1,460 m New Hampshire Mount Eisenhower
38%
4,083 ft1,244 m Vermont Mount Ellen
38%
4,500 ft1,370 m New Hampshire Mount Garfield
38%
4,420 ft1,347 m New Hampshire Mount Hancock
38%
4,319 ft1,316 m New Hampshire Mount Hancock(South Peak)
38%
4,043 ft1,232 m New Hampshire Mount Passaconaway
38%
4,310 ft1,314 m New Hampshire Mount Pierce
38%
4,006 ft 1,221 m New Hampshire Mount Waumbek
38%
4,020 ft1,225 m New Hampshire Mount Whiteface
38%
4,151 ft1,265 m Maine North Brother
38%
4,761 ft1,451 m New Hampshire North Twin Mountain
38%
4,170 ft 1,270 m Maine Old Speck Mountain
38%
3,960 ft1,207 m Maine Snow Mountain (Franklin Snow Mountain)
38%
3,970 ft1,210 m Maine South Brother
38%
4,902 ft1,494 m New Hampshire South Twin Mountain
38%
4,010 ft 1,220 m Maine Spaulding Mountain
38%
4,250 ft1,295 m Maine Sugarloaf Mountain
38%
3,856 ft1,175 m Maine Whitecap Mountain/Franklin Whitecap
38%
4,265 ft1,300 m New Hampshire Bondcliff
25%
3,835 ft1,169 m Vermont Bread Loaf Mountain
25%
4,832 ft1,473 m New Hampshire Carter Dome
25%
4,228 ft1,289 m Maine Crocker Mountain
25%
4,024 ft1,227 m New Hampshire Galehead Mountain
25%
4,610 ft1,405 m New Hampshire Middle Carter Mountain
25%
4,090 ft1,245 m Maine Mount Bigelow(Avery Peak)
25%
4,145 ft 1,263 m Maine Mount Bigelow(West Peak)
25%
3,805 ft1,160 m Maine Mount Bigelow (South Horn)
25%
4,698 ft1,432 m New Hampshire Mount Bond
25%
4,054 ft1,236 m New Hampshire Mount Hale
25%
4,004 ft1,220 m New Hampshire Mount Isolation
25%
4,049 ft1,234 m New Hampshire Mount Moriah
25%
4,010 ft1,220 m Maine Mount Redington
25%
4,140 ft1,261 m New Hampshire Mount Tripyramid(Middle Peak)
25%
4,180 ft1,275 m New Hampshire Mount Tripyramid(North Peak)
25%
4,025 ft 1,227 m New Hampshire Owl's Head
25%
4,120 ft1,256 m Maine Saddleback Mountain
25%
4,023 ft1,226 m Maine Saddleback Mountain("The Horn")
25%
4,430 ft1,350 m New Hampshire South Carter Mountain
25%
4,050 ft 1,235 m Maine South Crocker Mountain
25%
3,940 ft1,201 m Vermont Stratton Mountain
25%
4,540 ft1,385 m New Hampshire West Bond
25%
4,260 ft1,300 m New Hampshire Zealand Mountain
25%
3,780 ft1,150 m Maine Baldpate Mountain
13%
3,855 ft1,175 m Maine/Quebec Boundary Peak
13%
3,769 ft1,149 m New Hampshire Cannon Balls
13%
3,770 ft1,150 m Vermont Dorset Mountain
13%
3,791 ft1,155 m Maine East Kennebago Mountain
13%
3,840 ft1,170 m New Hampshire East Sleeper
13%
3,772 ft1,151 m Maine Elephant Mountain
13%
3,850 ft1,175 m Vermont Equinox Mountain
13%
3,861 ft
1,177 m
Maine Fort Mountain
13%
3,870 ft1,180 m Maine Goose Eye Mountain
13%
3,775 ft1,150 m Maine Kennebago Divide
13%
3,795 ft1,157 m Maine Mount Coe
13%
3,926 ft1,197 m New Hampshire Mount Nancy
13%
3,901 ft1,189 m New Hampshire Mount Weeks
13%
3,813 ft1,162 m New Hampshire Nubble Peak/Peak Above The Nubble
13%
3,957 ft1,206 m Vermont Pico Peak
13%
3,980 ft1,214 m New Hampshire Sandwich Mountain/Sandwich Dome
13%
3,774 ft1,151 m New Hampshire Scar Ridge
13%
3,784 ft1,153 m Maine Snow Mountain (Oxford Snow Mountain/Cusuptic Snow Mountain)
13%
3,885 ft1,184 m New Hampshire South Weeks
13%
3,950 ft1,205 m New Hampshire The Bulge
13%
3,905 ft1,190 m New Hampshire The Horn
13%
3,862 ft1,177 m New Hampshire Vose Spur
13%
3,850 ft 1,175 m Vermont Mendon Peak
0%
3,790 ft1,155 m Vermont Mount Wilson
0%
No matching quizzes found
Score Distribution
Percent of People with Each Score
Percentile by Number Answered
Your Score History
You have not taken this quiz